Les délégations aux Jeux olympiques d'été - Statistiques

Statistiques générales
  • Ce quiz a été pris 7 fois
  • Le résultat moyen est 26 sur 29
Statistiques - réponses
Par images Hint Réponse % Correct
14 délégations 1896
100%
28 délégations 1900
100%
12 délégations 1904
100%
22 délégations 1908
100%
28 délégations 1912
100%
29 délégations 1920
100%
44 délégations 1924
100%
112 délégations 1968
100%
159 délégations 1988
100%
169 délégations 1992
100%
197 délégations 1996
100%
199 délégations 2000
100%
201 délégations 2004
100%
204 délégations 2008
100%
204 délégations 2012
100%
206 délégations 2016
100%
206 délégations 2020
100%
46 délégations 1928
75%
37 délégations 1932
75%
49 délégations 1936
75%
69 délégations 1952
75%
72 délégations 1956
75%
93 délégations 1964
75%
121 délégations 1972
75%
92 délégations 1976
75%
80 délégations 1980
75%
140 délégations 1984
75%
59 délégations 1948
50%
83 délégations 1960
50%
Aucun quiz correspondant
Distribution des résultats
% des personnes avec chaque résultat
Percentile par nombre de réponses
Votre historique - résultats
Vous n’avez pas pris ce quiz